Workers, Labor Unions, and Industrial Workers in Latin America /

Sábháilte in:
Sonraí bibleagrafaíochta
Príomhchruthaitheoir: DeShazo, Peter
Formáid: Téacs
Ábhair:
Clibeanna: Cuir clib leis
Níl clibeanna ann, Bí ar an gcéad duine le clib a chur leis an taifead seo!

MARC

LEADER 00000 a a2200000 04500
001 42895
003
040
100 |a DeShazo, Peter  
245 |a Workers, Labor Unions, and Industrial Workers in Latin America /  |c Peter DeShazo  
650 |a CLASE OBRERA  
650 |a CULTURA  
650 |a ECONOMIA COLECTIVA  
650 |a ECONOMIA URBANA  
650 |a RELACIONES LABORALES  
773 |g volumen23, número2 ( , 1988), páginas 145-156  
999 |c 34782  |d 34782